Southville International School and Colleges
Your cart is empty.
  • Cart
  • Lists
    Public lists Eva Luna New books Lux_list list_1
    Your lists Log in to create your own lists
  • Log in to your account
  • Your cookies
  • Search history
Southville International School and Colleges
  • Advanced search
  • Recent comments
  • Most popular
  • Libraries

Log in to your account

Log in with GOOGLE


If you do not have an external account, but do have a local account, you can still log in:

  1. Home
  2. MARC view: Essential Contract Law /
Normal view MARC view ISBD view

Essential Contract Law / (Record no. 14476)

[ view plain ]
MARC details
000 -LEADER
fixed length control field 00585nam a2200205 a 4500
003 - CONTROL NUMBER IDENTIFIER
control field PILC
005 - DATE AND TIME OF LATEST TRANSACTION
control field 20150112093433.0
008 - FIXED-LENGTH DATA ELEMENTS--GENERAL INFORMATION
fixed length control field 100828s19uu xx 00 eng d
020 ## - INTERNATIONAL STANDARD BOOK NUMBER
International Standard Book Number 1859413609
050 ## - LIBRARY OF CONGRESS CALL NUMBER
Classification number K 840
Item number .Su946 1997
082 ## - DEWEY DECIMAL CLASSIFICATION NUMBER
Classification number LwSF 344.206
Item number Su2 1997
100 ## - MAIN ENTRY--PERSONAL NAME
Personal name Suff, Marnah
9 (RLIN) 14086
245 ## - TITLE STATEMENT
Title Essential Contract Law /
250 ## - EDITION STATEMENT
Edition statement 2nd ed.
260 ## - PUBLICATION, DISTRIBUTION, ETC. (IMPRINT)
Place of publication, distribution, etc Wharton Street, London :
Name of publisher, distributor, etc Cavendish Publishing Limited,
Date of publication, distribution, etc 1997.
300 ## - PHYSICAL DESCRIPTION
Extent 148 pages :
Other physical details illustration ;
Dimensions 16 cm.
650 ## - SUBJECT ADDED ENTRY--TOPICAL TERM
Topical term or geographic name as entry element Law- Contract
9 (RLIN) 14087
650 ## - SUBJECT ADDED ENTRY--TOPICAL TERM
Topical term or geographic name as entry element Contract Law
9 (RLIN) 14088
942 ## - ADDED ENTRY ELEMENTS (KOHA)
Source of classification or shelving scheme Library of Congress Classification
Koha item type Books
Holdings
Withdrawn status Lost status Source of classification or shelving scheme Damaged status Home library Current library Shelving location Date acquired Total Checkouts Full call number Barcode Date last seen Copy number Price effective from Koha item type
    Library of Congress Classification   Southville International School Affiliated with Foreign Universities Library Southville International School Affiliated with Foreign Universities Library Southville Foreign University Section 08/27/2013   K 840 .Su946 1997 SFU0351 05/15/2018 1 08/27/2013 Books

Essential Contract Law /

APA

Suff M., . (1997). Essential Contract Law. Wharton Street, London: Cavendish Publishing Limited.

Chicago

Suff Marnah, . 1997. Essential Contract Law. Wharton Street, London: Cavendish Publishing Limited.

Harvard

Suff M., . (1997). Essential Contract Law. Wharton Street, London: Cavendish Publishing Limited.

MLA

Suff Marnah, . Essential Contract Law. Wharton Street, London: Cavendish Publishing Limited. 1997.

  • Place hold
  • Print
  • Cite
  • Add to your cart (remove)
  • Save record
    BIBTEX Dublin Core MARCXML MARC (non-Unicode/MARC-8) MARC (Unicode/UTF-8) MARC (Unicode/UTF-8, Standard) MODS (XML) RIS
  • More searches
    Search for this title in:
    Other Libraries (WorldCat) Other Databases (Google Scholar) Online Stores (Bookfinder.com) Open Library (openlibrary.org)

Exporting to Dublin Core...

SOUTHVILLE LIBRARY

Southville International School and Colleges Library

1281 Tropical Ave. Cor. Luxembourg St., BF Homes International, Las Pinas City

Tel. No. 8256374 / 252358 Loc. 117/146

Powered by Koha